000
00314nam a2200109Ia 4500
008
200302s9999 xx 000 0 und d
100
_a
Ernest Burden
245
_a
Design Presentation techniques for Marketing and Project Proposals
260
_b
Mcgraw-hill International Book Co.,
260
_c
1984
300
_a
247 P.,
999
_c
890
_d
890